00422nam a2200145 4500008004100000020001500041050002200056100002300078245005700101260004200158300001100200504002500211600002100236700001900257160905b xxu||||| |||| 00| 0 eng d a9966011528 aPL 8701 bI7 2011 aIribemwangi, P. I. aIsimu jamii/cP. I. Iribe mwangi [and] Ayub Mukhwana aNairobi:bFocus Publishers Ltd,c2011 a178 p. aIncludes bibl. refs. aSwahili language aMukhwana, Ayub